| 000 | 00846pab a2200193 454500 | ||
|---|---|---|---|
| 008 | 180718b2003 xxu||||| |||| 00| 0 eng d | ||
| 100 | _aSankar, Deep | ||
| 245 | _aHealth sector in 2003-04 budget | ||
| 260 | _c2003 | ||
| 300 | _ap.1443-446. | ||
| 362 | _a12 Apr | ||
| 520 | _aA number of concessions in the form of reduced excise, customs, or income tax exemptions have been announced for the health care industry. However, health care also needs to be viewed as a service. This the budget has neglected to do. Launching of an insurance scheme is a laudable beginning but overall rural healthcare has gained little in this budget. - Reproduced. | ||
| 650 | _aBudget - India | ||
| 650 | _aHealth services - India | ||
| 650 | _aHealth services | ||
| 700 | _aKathuria, Vinish | ||
| 773 | _aEconomic and Political Weekly | ||
| 909 | _a55984 | ||
| 999 |
_c55984 _d55984 |
||